000 00768nam a2200289Ia 4500
005 20260324123903.0
008 008 260324s9999 xx 000 0 eng d
020 _a9780429253140
037 _aEBOOK
040 _aCRL
040 _beng
040 _cCRL
041 _2eng
041 _aeng
084 _qCRL
100 _aConstantine H. Houpis; Stuart N. Sheldon; John J. D'Azzo; Constantine H. Sheldon; Tim Turner
_91172033
245 0 _aOne Team on All Levels
245 0 _bStories from Toyota Team Members, Second Edition
260 _bTaylor and Francis
260 _c2011
365 _a
365 _b280
856 _uhttp://www.taylorfrancis.com/books/9780429253140
942 _cEBOOK
999 _c1765932
_d1765932